[Event "Russian Blitz Championship (m)"]
[Site "Sochi"]
[Date "2022.10.14"]
[Round "10.4"]
[White "Grachev, Boris"]
[Black "Smirnov, Pavel"]
[Result "1/2-1/2"]
[BlackElo "2467"]
[WhiteElo "2565"]
[LiveChessVersion "1.4.8"]

1. Nf3 {[%clk 0:03:03]} Nf6 {[%clk 0:03:04]} 2. d4 {[%clk 0:03:04]} d5
{[%clk 0:03:05]} 3. c3 {[%clk 0:03:03]} c6 {[%clk 0:02:45]} 4. Bf4
{[%clk 0:03:01]} Bf5 {[%clk 0:02:46]} 5. e3 {[%clk 0:02:56]} Nbd7
{[%clk 0:02:37]} 6. Bd3 {[%clk 0:02:53]} Bxd3 {[%clk 0:02:34]} 7. Qxd3
{[%clk 0:02:54]} e6 {[%clk 0:02:35]} 8. Nbd2 {[%clk 0:02:54]} Be7
{[%clk 0:02:34]} 9. h3 {[%clk 0:02:51]} O-O {[%clk 0:02:33]} 10. O-O
{[%clk 0:02:51]} c5 {[%clk 0:02:32]} 11. Rfe1 {[%clk 0:02:48]} Rc8
{[%clk 0:01:59]} 12. Ne5 {[%clk 0:02:32]} c4 {[%clk 0:01:52]} 13. Qc2
{[%clk 0:02:31]} b5 {[%clk 0:01:54]} 14. a3 {[%clk 0:02:27]} a5 {[%clk 0:01:53]}
15. e4 {[%clk 0:02:24]} dxe4 {[%clk 0:01:50]} 16. Nxe4 {[%clk 0:02:23]} Nd5
{[%clk 0:01:51]} 17. Bg3 {[%clk 0:02:22]} N7b6 {[%clk 0:01:47]} 18. Nf3
{[%clk 0:02:12]} h6 {[%clk 0:01:43]} 19. Qd2 {[%clk 0:01:54]} Qd7
{[%clk 0:01:35]} 20. Bf4 {[%clk 0:01:46]} Nxf4 {[%clk 0:01:32]} 21. Qxf4
{[%clk 0:01:47]} Nd5 {[%clk 0:01:33]} 22. Qd2 {[%clk 0:01:44]} Qb7
{[%clk 0:01:31]} 23. Ng3 {[%clk 0:01:28]} b4 {[%clk 0:01:28]} 24. axb4
{[%clk 0:01:29]} axb4 {[%clk 0:01:30]} 25. Nh5 {[%clk 0:01:19]} Ra8
{[%clk 0:01:18]} 26. Ne5 {[%clk 0:01:17]} Qc7 {[%clk 0:01:06]} 27. g3
{[%clk 0:01:03]} Bg5 {[%clk 0:01:01]} 28. Qc2 {[%clk 0:00:40]} bxc3
{[%clk 0:01:02]} 29. bxc3 {[%clk 0:00:41]} Be7 {[%clk 0:01:02]} 30. Qd2
{[%clk 0:00:23]} Bg5 {[%clk 0:00:57]} 31. Qc2 {[%clk 0:00:24]} Be7
{[%clk 0:00:58]} 32. Qd2 {[%clk 0:00:25]} Bg5 {[%clk 0:00:59]} 1/2-1/2

[Event "Russian Blitz Championship (m)"]
[Site "Sochi"]
[Date "2022.10.14"]
[Round "10.5"]
[White "Chigaev, Maksim"]
[Black "Faizrakhmanov, Ramil"]
[Result "1/2-1/2"]
[BlackElo "2421"]
[WhiteElo "2537"]
[LiveChessVersion "1.4.8"]

1. Nf3 {[%clk 0:03:01]} d5 {[%clk 0:03:04]} 2. c4 {[%clk 0:03:02]} e6
{[%clk 0:03:04]} 3. g3 {[%clk 0:03:03]} Nf6 {[%clk 0:03:05]} 4. Bg2
{[%clk 0:03:04]} dxc4 {[%clk 0:03:06]} 5. O-O {[%clk 0:03:05]} Nbd7
{[%clk 0:03:02]} 6. Qc2 {[%clk 0:02:54]} a6 {[%clk 0:03:01]} 7. a4
{[%clk 0:02:46]} c5 {[%clk 0:02:50]} 8. a5 {[%clk 0:02:41]} Be7 {[%clk 0:02:44]}
9. Qxc4 {[%clk 0:02:41]} b5 {[%clk 0:02:38]} 10. axb6 {[%clk 0:02:41]} Nxb6
{[%clk 0:02:38]} 11. Qc2 {[%clk 0:02:34]} Bb7 {[%clk 0:02:35]} 12. d3
{[%clk 0:02:26]} O-O {[%clk 0:02:35]} 13. Na3 {[%clk 0:01:50]} a5
{[%clk 0:02:31]} 14. Bd2 {[%clk 0:01:32]} a4 {[%clk 0:02:30]} 15. Nc4
{[%clk 0:01:00]} Nxc4 {[%clk 0:02:30]} 16. Qxc4 {[%clk 0:00:57]} Bd5
{[%clk 0:02:31]} 17. Qc2 {[%clk 0:00:50]} Qb6 {[%clk 0:02:25]} 18. Bc3
{[%clk 0:00:39]} h6 {[%clk 0:02:19]} 19. Ne5 {[%clk 0:00:12]} Qb5
{[%clk 0:02:05]} 20. e4 {[%clk 0:00:09]} Bb3 {[%clk 0:02:01]} 21. Qe2
{[%clk 0:00:10]} Rfd8 {[%clk 0:01:53]} 22. Rfc1 {[%clk 0:00:05]} Rac8
{[%clk 0:01:53]} 23. Nc4 {[%clk 0:00:05]} Qb8 {[%clk 0:01:28]} 24. Bf1
{[%clk 0:00:05]} Nd7 {[%clk 0:01:25]} 25. Nd2 {[%clk 0:00:06]} Bf6
{[%clk 0:01:24]} 26. Nxb3 {[%clk 0:00:05]} Qxb3 {[%clk 0:01:23]} 27. Ra3
{[%clk 0:00:06]} Qb5 {[%clk 0:01:21]} 28. e5 {[%clk 0:00:07]} Be7
{[%clk 0:01:21]} 29. Rca1 {[%clk 0:00:07]} Nb6 {[%clk 0:01:18]} 30. Qe4
{[%clk 0:00:06]} Qc6 {[%clk 0:01:10]} 31. Qxc6 Rxc6 {[%clk 0:01:11]} 32. Ba5
{[%clk 0:00:06]} Ra8 {[%clk 0:01:06]} 33. Bg2 {[%clk 0:00:07]} Nd5
{[%clk 0:01:07]} 34. Rxa4 {[%clk 0:00:07]} Rca6 {[%clk 0:01:07]} 35. b3
{[%clk 0:00:07]} Rb8 {[%clk 0:01:00]} 36. Bd2 {[%clk 0:00:07]} Rab6
{[%clk 0:01:01]} 37. Ra7 {[%clk 0:00:06]} Bf8 {[%clk 0:00:59]} 38. Bxd5
{[%clk 0:00:07]} exd5 {[%clk 0:01:00]} 39. Rd7 {[%clk 0:00:08]} d4
{[%clk 0:00:54]} 40. Raa7 {[%clk 0:00:05]} Rxb3 {[%clk 0:00:54]} 41. Rxf7
{[%clk 0:00:05]} Rxd3 {[%clk 0:00:55]} 42. Bf4 {[%clk 0:00:05]} g5
{[%clk 0:00:52]} 43. Bxg5 {[%clk 0:00:04]} hxg5 {[%clk 0:00:54]} 44. Rf5
{[%clk 0:00:05]} Rdb3 {[%clk 0:00:33]} 45. Rxg5+ {[%clk 0:00:05]} Kh8
{[%clk 0:00:34]} 46. Rh5+ {[%clk 0:00:06]} Kg8 {[%clk 0:00:35]} 47. Rg5+
{[%clk 0:00:07]} Kh8 {[%clk 0:00:36]} 48. Rh5+ {[%clk 0:00:06]} 1/2-1/2

[Event "Russian Blitz Championship (m)"]
[Site "Sochi"]
[Date "2022.10.14"]
[Round "10.6"]
[White "Bryakin, Mikhail"]
[Black "Timofeev, Artyom"]
[Result "0-1"]
[BlackElo "2579"]
[WhiteElo "2367"]
[LiveChessVersion "1.4.8"]

1. d4 {[%clk 0:03:03]} Nf6 {[%clk 0:03:03]} 2. c4 {[%clk 0:03:00]} g6
{[%clk 0:03:02]} 3. Nc3 {[%clk 0:02:55]} d5 {[%clk 0:03:03]} 4. cxd5
{[%clk 0:02:50]} Nxd5 {[%clk 0:03:03]} 5. e4 {[%clk 0:02:52]} Nb6
{[%clk 0:03:03]} 6. Be3 {[%clk 0:02:44]} Bg7 {[%clk 0:03:03]} 7. h4
{[%clk 0:02:39]} Nc6 {[%clk 0:02:55]} 8. d5 {[%clk 0:02:08]} Ne5 {[%clk 0:02:52]}
9. Rb1 {[%clk 0:01:42]} c6 {[%clk 0:02:24]} 10. dxc6 {[%clk 0:01:34]} Qxd1+
{[%clk 0:02:17]} 11. Rxd1 {[%clk 0:01:35]} bxc6 {[%clk 0:02:14]} 12. Bd4
{[%clk 0:01:32]} O-O {[%clk 0:02:06]} 13. Be2 {[%clk 0:01:12]} Rd8
{[%clk 0:01:58]} 14. Bxe5 {[%clk 0:00:56]} Rxd1+ {[%clk 0:01:57]} 15. Kxd1
{[%clk 0:00:57]} Bxe5 {[%clk 0:01:58]} 16. Nf3 {[%clk 0:00:57]} Bg7
{[%clk 0:01:55]} 17. Kc2 {[%clk 0:00:57]} Be6 {[%clk 0:01:44]} 18. b3
{[%clk 0:00:59]} h6 {[%clk 0:01:43]} 19. Rd1 {[%clk 0:00:59]} a5 {[%clk 0:01:36]}
20. Nd4 {[%clk 0:01:00]} Bd7 {[%clk 0:01:38]} 21. a4 {[%clk 0:00:55]} Kf8
{[%clk 0:01:24]} 22. h5 {[%clk 0:00:54]} e5 {[%clk 0:01:03]} 23. Nf3
{[%clk 0:00:55]} Ke7 {[%clk 0:01:04]} 24. Nd2 {[%clk 0:00:44]} Be6
{[%clk 0:00:58]} 25. Nc4 {[%clk 0:00:36]} Nd7 {[%clk 0:00:56]} 26. hxg6
{[%clk 0:00:21]} fxg6 {[%clk 0:00:56]} 27. Ne3 {[%clk 0:00:12]} Nc5
{[%clk 0:00:50]} 28. Bc4 {[%clk 0:00:12]} Bd7 {[%clk 0:00:51]} 29. f3
{[%clk 0:00:12]} h5 {[%clk 0:00:51]} 30. Nf1 {[%clk 0:00:07]} Bh6
{[%clk 0:00:47]} 31. Ng3 {[%clk 0:00:08]} Rf8 {[%clk 0:00:42]} 32. Nge2
{[%clk 0:00:08]} h4 {[%clk 0:00:41]} 33. Ng1 {[%clk 0:00:08]} Be3
{[%clk 0:00:42]} 34. Be2 {[%clk 0:00:07]} Bd4 {[%clk 0:00:40]} 35. Nh3
{[%clk 0:00:07]} Be6 {[%clk 0:00:39]} 36. Rb1 {[%clk 0:00:05]} Rb8
{[%clk 0:00:35]} 37. Bc4 {[%clk 0:00:05]} Bxc3 {[%clk 0:00:24]} 38. Bxe6
{[%clk 0:00:05]} Kxe6 {[%clk 0:00:24]} 39. Kxc3 {[%clk 0:00:06]} Nxa4+ 40. Kc2
{[%clk 0:00:04]} Nc5 {[%clk 0:00:25]} 41. Ng5+ {[%clk 0:00:03]} Kf6
{[%clk 0:00:26]} 42. Nh3 {[%clk 0:00:05]} Ne6 {[%clk 0:00:20]} 43. Kc3
{[%clk 0:00:04]} Nd4 {[%clk 0:00:20]} 44. Nf2 {[%clk 0:00:04]} a4
{[%clk 0:00:17]} 45. b4 {[%clk 0:00:05]} a3 {[%clk 0:00:17]} 46. Ra1
{[%clk 0:00:06]} Nb5+ {[%clk 0:00:16]} 47. Kc4 {[%clk 0:00:07]} Rd8
{[%clk 0:00:17]} 48. Kc5 {[%clk 0:00:08]} Rd2 {[%clk 0:00:16]} 49. Ng4+
{[%clk 0:00:09]} Ke6 {[%clk 0:00:17]} 50. Kxc6 {[%clk 0:00:09]} Nd4+
{[%clk 0:00:18]} 51. Kb6 {[%clk 0:00:10]} a2 {[%clk 0:00:18]} 52. Ne3
{[%clk 0:00:08]} Nb3 {[%clk 0:00:19]} 53. Nc4 {[%clk 0:00:08]} Rxg2
{[%clk 0:00:13]} 0-1

[Event "Russian Blitz Championship (m)"]
[Site "Sochi"]
[Date "2022.10.14"]
[Round "10.7"]
[White "Obgolts, Erik"]
[Black "Afanasiev, Nikita"]
[Result "0-1"]
[BlackElo "2541"]
[WhiteElo "2407"]
[LiveChessVersion "1.4.8"]

1. d4 {[%clk 0:03:02]} g6 {[%clk 0:03:03]} 2. e4 {[%clk 0:03:02]} Bg7
{[%clk 0:03:05]} 3. Nc3 {[%clk 0:03:03]} d6 {[%clk 0:03:05]} 4. Nf3
{[%clk 0:03:02]} a6 {[%clk 0:03:07]} 5. Be3 {[%clk 0:02:54]} Nd7 {[%clk 0:03:07]}
6. a4 {[%clk 0:02:51]} b6 {[%clk 0:03:08]} 7. Bc4 {[%clk 0:02:31]} e6
{[%clk 0:03:09]} 8. O-O {[%clk 0:02:22]} Bb7 {[%clk 0:03:10]} 9. Re1
{[%clk 0:02:21]} Ne7 {[%clk 0:03:06]} 10. Qd2 {[%clk 0:02:21]} h6
{[%clk 0:03:07]} 11. h3 {[%clk 0:02:13]} g5 {[%clk 0:03:05]} 12. d5
{[%clk 0:02:02]} e5 {[%clk 0:03:04]} 13. Ne2 {[%clk 0:01:58]} f5 {[%clk 0:02:57]}
14. exf5 {[%clk 0:01:55]} Nxf5 {[%clk 0:02:58]} 15. Bd3 {[%clk 0:01:48]} O-O
{[%clk 0:02:58]} 16. Bxf5 {[%clk 0:01:31]} Rxf5 {[%clk 0:02:59]} 17. Nh2
{[%clk 0:01:21]} Qe7 {[%clk 0:02:47]} 18. c4 {[%clk 0:01:19]} Raf8
{[%clk 0:02:42]} 19. Rac1 {[%clk 0:01:20]} Nc5 {[%clk 0:02:35]} 20. Ng3
{[%clk 0:01:07]} Rf4 {[%clk 0:02:26]} 21. Qc2 {[%clk 0:01:05]} Bc8
{[%clk 0:02:14]} 22. b4 {[%clk 0:01:03]} Nd7 {[%clk 0:02:09]} 23. Bxf4
{[%clk 0:00:52]} gxf4 {[%clk 0:02:00]} 24. Nf5 {[%clk 0:00:53]} Qg5
{[%clk 0:01:57]} 25. Nxg7 {[%clk 0:00:53]} Qxg7 {[%clk 0:01:58]} 26. Nf3
{[%clk 0:00:43]} a5 {[%clk 0:01:43]} 27. bxa5 {[%clk 0:00:39]} Nc5
{[%clk 0:01:42]} 28. Nh4 {[%clk 0:00:36]} bxa5 {[%clk 0:01:36]} 29. Qg6
{[%clk 0:00:36]} Bd7 {[%clk 0:01:31]} 30. Qxg7+ {[%clk 0:00:34]} Kxg7
{[%clk 0:01:32]} 31. Rb1 {[%clk 0:00:34]} Bxa4 {[%clk 0:01:31]} 32. Nf3
{[%clk 0:00:34]} Bc2 {[%clk 0:01:25]} 33. Rb5 {[%clk 0:00:31]} a4
{[%clk 0:01:12]} 34. Nxe5 {[%clk 0:00:26]} Re8 {[%clk 0:01:14]} 35. Nf3
{[%clk 0:00:27]} Rxe1+ {[%clk 0:01:14]} 36. Nxe1 {[%clk 0:00:28]} Bb3
{[%clk 0:01:15]} 37. Ra5 {[%clk 0:00:24]} Bxc4 {[%clk 0:01:15]} 38. Ra7
{[%clk 0:00:26]} Kf6 {[%clk 0:01:11]} 39. Rxc7 {[%clk 0:00:25]} a3
{[%clk 0:01:10]} 40. Ra7 {[%clk 0:00:23]} Ba6 {[%clk 0:01:04]} 41. Nc2
{[%clk 0:00:24]} a2 {[%clk 0:01:04]} 42. Na1 {[%clk 0:00:19]} Ke5
{[%clk 0:01:03]} 43. Rh7 {[%clk 0:00:18]} Bc4 {[%clk 0:01:00]} 44. Rxh6
{[%clk 0:00:18]} Nb3 {[%clk 0:01:02]} 45. Nc2 {[%clk 0:00:14]} Bd3
{[%clk 0:00:59]} 46. Rh5+ {[%clk 0:00:15]} Kf6 {[%clk 0:00:57]} 47. Rh6+
{[%clk 0:00:10]} Kf7 {[%clk 0:00:58]} 48. Rxd6 {[%clk 0:00:03]} Bxc2
{[%clk 0:00:59]} 49. Ra6 {[%clk 0:00:05]} a1=Q+ {[%clk 0:00:59]} 50. Rxa1
{[%clk 0:00:05]} Nxa1 {[%clk 0:01:00]} 51. f3 {[%clk 0:00:05]} Nb3
{[%clk 0:00:59]} 52. Kf2 {[%clk 0:00:06]} Bf5 {[%clk 0:00:53]} 53. g3
{[%clk 0:00:06]} Nc5 {[%clk 0:00:50]} 54. gxf4 {[%clk 0:00:06]} Bxh3
{[%clk 0:00:51]} 55. Ke3 {[%clk 0:00:07]} Bf5 {[%clk 0:00:51]} 56. Kd4
{[%clk 0:00:08]} Nd7 {[%clk 0:00:52]} 57. Kc4 {[%clk 0:00:08]} Ke7
{[%clk 0:00:53]} 58. Kd4 {[%clk 0:00:09]} Kd6 {[%clk 0:00:54]} 59. Kc4
{[%clk 0:00:10]} Nb6+ {[%clk 0:00:56]} 60. Kd4 Ke5+ 0-1

[Event "Russian Blitz Championship (m)"]
[Site "Sochi"]
[Date "2022.10.14"]
[Round "10.8"]
[White "Savchenko, Boris"]
[Black "Iljiushenok, Ilia"]
[Result "1/2-1/2"]
[BlackElo "2467"]
[WhiteElo "2530"]
[LiveChessVersion "1.4.8"]

1. c4 {[%clk 0:03:02]} Nf6 {[%clk 0:03:02]} 2. g3 {[%clk 0:03:02]} e6
{[%clk 0:03:03]} 3. Nf3 {[%clk 0:03:02]} d5 {[%clk 0:03:05]} 4. Bg2
{[%clk 0:03:02]} d4 {[%clk 0:03:06]} 5. O-O {[%clk 0:03:01]} c5 {[%clk 0:03:06]}
6. e3 {[%clk 0:03:01]} Nc6 {[%clk 0:03:05]} 7. exd4 {[%clk 0:03:02]} cxd4
{[%clk 0:03:06]} 8. d3 {[%clk 0:03:02]} h6 {[%clk 0:03:06]} 9. Re1
{[%clk 0:02:58]} Bd6 {[%clk 0:03:06]} 10. Na3 {[%clk 0:02:59]} O-O
{[%clk 0:02:58]} 11. Nc2 {[%clk 0:02:56]} a5 {[%clk 0:02:56]} 12. a3
{[%clk 0:02:43]} e5 {[%clk 0:02:50]} 13. Rb1 {[%clk 0:02:27]} a4 {[%clk 0:02:47]}
14. Nb4 {[%clk 0:02:24]} Re8 {[%clk 0:02:36]} 15. c5 {[%clk 0:02:16]} Bc7
{[%clk 0:02:29]} 16. Nd2 {[%clk 0:02:10]} Bg4 {[%clk 0:02:06]} 17. Qc2
{[%clk 0:02:10]} Qd7 {[%clk 0:02:07]} 18. Nc4 {[%clk 0:02:05]} Bh3
{[%clk 0:01:41]} 19. Bh1 {[%clk 0:01:50]} Qf5 {[%clk 0:01:07]} 20. Nxc6
{[%clk 0:01:45]} bxc6 {[%clk 0:01:08]} 21. Bxc6 {[%clk 0:01:32]} e4
{[%clk 0:01:06]} 22. Bf4 {[%clk 0:01:11]} Bxf4 {[%clk 0:01:05]} 23. dxe4
{[%clk 0:01:11]} Qxc5 {[%clk 0:00:25]} 24. Bxa8 {[%clk 0:01:08]} Rxa8
{[%clk 0:00:25]} 25. gxf4 {[%clk 0:01:06]} Rc8 {[%clk 0:00:25]} 26. Rbc1
{[%clk 0:01:05]} Qh5 {[%clk 0:00:25]} 27. Qd3 {[%clk 0:01:04]} Rb8
{[%clk 0:00:13]} 28. Ne5 {[%clk 0:00:24]} Rb3 {[%clk 0:00:12]} 29. Qe2
{[%clk 0:00:22]} Bg4 {[%clk 0:00:07]} 30. Nxg4 {[%clk 0:00:22]} Nxg4
{[%clk 0:00:08]} 31. f3 {[%clk 0:00:22]} Ne3 {[%clk 0:00:06]} 32. Kh1
{[%clk 0:00:16]} Rxb2 {[%clk 0:00:04]} 33. Rc8+ {[%clk 0:00:12]} Kh7
{[%clk 0:00:06]} 34. Qxb2 {[%clk 0:00:12]} Qxf3+ {[%clk 0:00:07]} 35. Kg1
{[%clk 0:00:12]} Qg4+ {[%clk 0:00:08]} 36. Kh1 {[%clk 0:00:13]} Qf3+
{[%clk 0:00:08]} 37. Kg1 {[%clk 0:00:14]} Qg4+ {[%clk 0:00:10]} 38. Kh1
{[%clk 0:00:15]} Qf3+ 1/2-1/2

[Event "Russian Blitz Championship (m)"]
[Site "Sochi"]
[Date "2022.10.14"]
[Round "10.9"]
[White "Lesovoi, Evgenij"]
[Black "Petrov, Nikita"]
[Result "0-1"]
[BlackElo "2528"]
[WhiteElo "2339"]
[LiveChessVersion "1.4.8"]

1. d4 {[%clk 0:03:02]} Nf6 {[%clk 0:03:03]} 2. c4 {[%clk 0:03:02]} e6
{[%clk 0:03:04]} 3. Nf3 {[%clk 0:03:02]} d5 {[%clk 0:03:05]} 4. Bg5
{[%clk 0:03:02]} dxc4 {[%clk 0:03:04]} 5. Nc3 {[%clk 0:03:02]} a6
{[%clk 0:02:58]} 6. a4 {[%clk 0:02:32]} Nc6 {[%clk 0:02:42]} 7. e3
{[%clk 0:02:21]} Na5 {[%clk 0:02:42]} 8. Nd2 {[%clk 0:02:12]} c5 {[%clk 0:02:31]}
9. Nxc4 {[%clk 0:01:56]} cxd4 {[%clk 0:02:31]} 10. exd4 {[%clk 0:01:54]} Be7
{[%clk 0:02:27]} 11. Ne5 {[%clk 0:01:31]} O-O {[%clk 0:02:22]} 12. Be2
{[%clk 0:01:31]} Bd7 {[%clk 0:02:05]} 13. O-O {[%clk 0:01:23]} Rc8
{[%clk 0:02:05]} 14. Bf3 {[%clk 0:01:12]} Bc6 {[%clk 0:01:59]} 15. Nxc6
{[%clk 0:00:33]} Nxc6 {[%clk 0:01:59]} 16. Bxf6 {[%clk 0:00:32]} Bxf6
{[%clk 0:02:00]} 17. d5 {[%clk 0:00:33]} exd5 {[%clk 0:02:00]} 18. Nxd5
{[%clk 0:00:33]} Ne5 {[%clk 0:01:31]} 19. Re1 {[%clk 0:00:08]} Re8
{[%clk 0:01:21]} 20. Nxf6+ {[%clk 0:00:05]} Qxf6 {[%clk 0:01:22]} 21. Bxb7
{[%clk 0:00:05]} Rb8 {[%clk 0:01:19]} 22. Bd5 {[%clk 0:00:03]} Rxb2
{[%clk 0:01:16]} 23. Re2 {[%clk 0:00:04]} Rxe2 {[%clk 0:01:16]} 24. Qxe2
{[%clk 0:00:04]} Nf3+ {[%clk 0:01:17]} 0-1

[Event "Russian Blitz Championship (m)"]
[Site "Sochi"]
[Date "2022.10.14"]
[Round "10.10"]
[White "Ponkratov, Pavel"]
[Black "Kukhmazov, Arsen"]
[Result "1-0"]
[BlackElo "2395"]
[WhiteElo "2515"]
[LiveChessVersion "1.4.8"]

1. g3 {[%clk 0:03:02]} d5 {[%clk 0:03:03]} 2. Nf3 {[%clk 0:03:03]} g6
{[%clk 0:03:01]} 3. Bg2 {[%clk 0:03:03]} Bg7 {[%clk 0:03:02]} 4. c4
{[%clk 0:03:04]} dxc4 {[%clk 0:02:59]} 5. Na3 {[%clk 0:03:03]} e5
{[%clk 0:02:49]} 6. Qc2 {[%clk 0:02:53]} Nc6 {[%clk 0:02:43]} 7. Nxc4
{[%clk 0:02:54]} Nge7 {[%clk 0:02:42]} 8. d3 {[%clk 0:02:52]} O-O
{[%clk 0:02:42]} 9. O-O {[%clk 0:02:52]} Be6 {[%clk 0:02:30]} 10. Ng5
{[%clk 0:02:47]} Bd5 {[%clk 0:02:30]} 11. Nf3 {[%clk 0:02:24]} Bxf3
{[%clk 0:02:22]} 12. exf3 {[%clk 0:02:24]} Nd4 {[%clk 0:02:20]} 13. Qd1
{[%clk 0:02:25]} Nd5 {[%clk 0:02:16]} 14. Ne3 {[%clk 0:02:26]} Nb6
{[%clk 0:02:12]} 15. Re1 {[%clk 0:02:23]} Re8 {[%clk 0:02:10]} 16. Bd2
{[%clk 0:02:24]} c6 {[%clk 0:02:08]} 17. Rc1 {[%clk 0:02:15]} Qd7
{[%clk 0:02:00]} 18. h4 {[%clk 0:02:04]} h5 {[%clk 0:01:55]} 19. Nc4
{[%clk 0:01:20]} Nd5 {[%clk 0:01:56]} 20. Bc3 {[%clk 0:01:12]} Rad8
{[%clk 0:01:48]} 21. Bxd4 {[%clk 0:01:11]} exd4 {[%clk 0:01:49]} 22. f4
{[%clk 0:01:11]} Rxe1+ {[%clk 0:01:14]} 23. Qxe1 {[%clk 0:01:11]} Re8
{[%clk 0:01:15]} 24. Qa5 {[%clk 0:01:10]} b6 {[%clk 0:01:17]} 25. Qd2
{[%clk 0:01:08]} Qe7 {[%clk 0:00:58]} 26. Bf3 {[%clk 0:01:07]} Qe6
{[%clk 0:00:41]} 27. Kg2 {[%clk 0:01:05]} Bf6 {[%clk 0:00:39]} 28. Qd1
{[%clk 0:00:53]} Bxh4 {[%clk 0:00:13]} 29. Ne5 {[%clk 0:00:54]} c5
{[%clk 0:00:12]} 30. Qb3 {[%clk 0:00:55]} Nxf4+ {[%clk 0:00:04]} 31. gxf4
{[%clk 0:00:55]} Qf5 {[%clk 0:00:04]} 32. Rh1 {[%clk 0:00:38]} Qxf4
{[%clk 0:00:05]} 33. Qxf7+ {[%clk 0:00:28]} Qxf7 {[%clk 0:00:07]} 34. Nxf7
{[%clk 0:00:29]} Kxf7 {[%clk 0:00:04]} 35. Rxh4 {[%clk 0:00:28]} Re1
{[%clk 0:00:06]} 36. Rh1 {[%clk 0:00:29]} Re5 {[%clk 0:00:07]} 37. Be4
{[%clk 0:00:30]} Kf6 {[%clk 0:00:08]} 38. f4 {[%clk 0:00:30]} Re7
{[%clk 0:00:09]} 39. Kf3 {[%clk 0:00:32]} Rh7 {[%clk 0:00:08]} 40. a3
{[%clk 0:00:29]} Rh8 {[%clk 0:00:09]} 41. b4 {[%clk 0:00:29]} cxb4
{[%clk 0:00:05]} 42. axb4 {[%clk 0:00:30]} g5 {[%clk 0:00:06]} 43. fxg5+
{[%clk 0:00:29]} Kxg5 {[%clk 0:00:07]} 44. Rg1+ {[%clk 0:00:30]} Kf6
{[%clk 0:00:08]} 45. b5 {[%clk 0:00:25]} h4 {[%clk 0:00:07]} 46. Ra1
{[%clk 0:00:22]} h3 {[%clk 0:00:08]} 47. Kg3 {[%clk 0:00:23]} h2 {[%clk 0:00:09]}
48. Bh1 {[%clk 0:00:22]} Rh5 {[%clk 0:00:10]} 49. Rxa7 {[%clk 0:00:17]} Rxb5
{[%clk 0:00:11]} 50. Kxh2 {[%clk 0:00:17]} Ke5 {[%clk 0:00:03]} 51. Kg3
{[%clk 0:00:17]} Rb1 {[%clk 0:00:03]} 52. Be4 {[%clk 0:00:18]} b5
{[%clk 0:00:05]} 53. Rb7 {[%clk 0:00:17]} Kd6 {[%clk 0:00:06]} 54. Kf4
{[%clk 0:00:16]} Rf1+ {[%clk 0:00:06]} 55. Bf3 {[%clk 0:00:17]} Kc5
{[%clk 0:00:08]} 56. Rc7+ {[%clk 0:00:14]} Kb4 {[%clk 0:00:09]} 57. Ke4
{[%clk 0:00:15]} Kb3 {[%clk 0:00:08]} 58. Bg4 {[%clk 0:00:14]} b4
{[%clk 0:00:09]} 59. Be6+ {[%clk 0:00:14]} Kb2 {[%clk 0:00:10]} 60. Kxd4
{[%clk 0:00:14]} Rd1 {[%clk 0:00:03]} 61. Rb7 {[%clk 0:00:14]} Ka3
{[%clk 0:00:05]} 62. Ra7+ {[%clk 0:00:15]} Kb2 {[%clk 0:00:06]} 63. Ra2+
{[%clk 0:00:16]} Kb1 {[%clk 0:00:07]} 64. Re2 {[%clk 0:00:16]} Rc1
{[%clk 0:00:08]} 65. Bc4 {[%clk 0:00:17]} Rc3 {[%clk 0:00:08]} 66. Kc5
{[%clk 0:00:14]} b3 {[%clk 0:00:08]} 67. Kb4 {[%clk 0:00:15]} 1-0

[Event "Russian Blitz Championship (m)"]
[Site "Sochi"]
[Date "2022.10.14"]
[Round "10.11"]
[White "Zakhartsov, Vladimir"]
[Black "Khubukshanov, Erdem"]
[Result "1-0"]
[BlackElo "2377"]
[WhiteElo "2492"]
[LiveChessVersion "1.4.8"]

1. c4 {[%clk 0:03:03]} e6 {[%clk 0:03:03]} 2. d4 {[%clk 0:03:02]} d5
{[%clk 0:03:03]} 3. Nc3 Nf6 {[%clk 0:03:02]} 4. cxd5 {[%clk 0:03:01]} exd5
{[%clk 0:03:02]} 5. Bg5 {[%clk 0:03:02]} c6 {[%clk 0:03:02]} 6. e3
{[%clk 0:03:03]} Be7 {[%clk 0:03:02]} 7. Bd3 {[%clk 0:02:57]} h6 {[%clk 0:02:53]}
8. Bh4 {[%clk 0:02:41]} Ne4 {[%clk 0:02:54]} 9. Bxe7 {[%clk 0:02:38]} Qxe7
{[%clk 0:02:54]} 10. Qc2 {[%clk 0:02:28]} Nd6 {[%clk 0:02:52]} 11. Nge2
{[%clk 0:02:24]} Nd7 {[%clk 0:02:47]} 12. O-O {[%clk 0:02:23]} Nf6
{[%clk 0:02:45]} 13. Rae1 {[%clk 0:02:16]} O-O {[%clk 0:02:40]} 14. Qc1
{[%clk 0:02:10]} Bf5 {[%clk 0:02:38]} 15. Nf4 {[%clk 0:02:09]} Rfe8
{[%clk 0:02:26]} 16. h3 {[%clk 0:01:57]} Rac8 {[%clk 0:02:10]} 17. Qc2
{[%clk 0:01:57]} Bxd3 {[%clk 0:02:01]} 18. Qxd3 {[%clk 0:01:58]} b5
{[%clk 0:01:52]} 19. Rc1 {[%clk 0:01:54]} a5 {[%clk 0:01:48]} 20. Rc2
{[%clk 0:01:51]} Nc4 {[%clk 0:01:37]} 21. b3 {[%clk 0:01:44]} Na3
{[%clk 0:01:35]} 22. Rcc1 {[%clk 0:01:43]} Ra8 {[%clk 0:01:27]} 23. Nce2
{[%clk 0:01:16]} Rec8 {[%clk 0:01:22]} 24. Ng3 {[%clk 0:01:15]} a4
{[%clk 0:01:20]} 25. Nf5 {[%clk 0:01:12]} Qd7 {[%clk 0:01:20]} 26. f3
{[%clk 0:01:09]} axb3 27. axb3 Re8 {[%clk 0:01:13]} 28. Rce1 {[%clk 0:00:58]} b4
{[%clk 0:00:28]} 29. e4 {[%clk 0:00:59]} dxe4 {[%clk 0:00:28]} 30. fxe4
{[%clk 0:01:00]} Nb5 {[%clk 0:00:24]} 31. e5 {[%clk 0:00:52]} Nh7
{[%clk 0:00:22]} 32. Nh5 {[%clk 0:00:35]} Re6 {[%clk 0:00:15]} 33. Nhxg7
{[%clk 0:00:25]} Rg6 {[%clk 0:00:16]} 34. Nh5 {[%clk 0:00:25]} Re8
{[%clk 0:00:14]} 35. Rf4 {[%clk 0:00:14]} Ng5 {[%clk 0:00:12]} 36. Ref1
{[%clk 0:00:13]} Nc7 {[%clk 0:00:07]} 37. Nf6+ {[%clk 0:00:12]} Rxf6
{[%clk 0:00:08]} 38. exf6 {[%clk 0:00:14]} Nce6 {[%clk 0:00:08]} 39. Nxh6+
{[%clk 0:00:14]} Kf8 {[%clk 0:00:09]} 40. Rg4 {[%clk 0:00:13]} Qd5
{[%clk 0:00:09]} 41. Qh7 {[%clk 0:00:09]} Qxd4+ {[%clk 0:00:04]} 42. Kh1
{[%clk 0:00:10]} Nxh7 43. Rg8# 1-0